| 000 | 01316cam a22003014a 4500 | ||
|---|---|---|---|
| 999 |
_c23760 _d23760 |
||
| 001 | 13734970 | ||
| 003 | NUST | ||
| 005 | 20170608123524.0 | ||
| 008 | 040929s2005 flua b 001 0 eng | ||
| 010 | _a 2004058531 | ||
| 020 | _a0415267579 (alk. paper) | ||
| 040 |
_aDLC _cRCMS _dDLC |
||
| 042 | _apcc | ||
| 050 | 0 | 0 |
_aT59.7 _b.E93 2005 |
| 082 | 0 | 0 |
_a620.8/2 WIL _222 |
| 100 |
_aEdited by John R. Wilson And Nigel Corlett _92300 |
||
| 245 | 0 | 0 |
_aEvaluation of human work / _cedited by John R. Wilson and Nigel Corlett. |
| 250 | _a3rd ed. | ||
| 260 |
_aBoca Raton, FL : _bTaylor & Francis, _cc.2005. |
||
| 300 |
_axix, 1026 p. : _bill. ; _c26 cm. |
||
| 504 | _aIncludes bibliographical references and index. | ||
| 538 | _iShelf No 1 Row No 4 | ||
| 650 | 0 |
_aHuman engineering. _92301 |
|
| 650 | 0 |
_aHuman-machine systems. _92302 |
|
| 700 | 1 |
_aWilson, John R., _d1951- _92303 |
|
| 700 | 1 |
_aCorlett, E. N. _q(Esmond Nigel) _92304 |
|
| 856 | 4 | 2 |
_3Publisher description _uhttp://www.loc.gov/catdir/enhancements/fy0647/2004058531-d.html |
| 906 |
_a7 _bcbc _corignew _d1 _eocip _f20 _gy-gencatlg |
||
| 942 |
_2ddc _cBK |
||